000 00285nam a22001217a 4500
041 _aENG
100 _aManchanda.H,R
245 _aSalinity Research At H.A.U
260 _aHisar
_bC.C.S haryana Agricultural University
_c2000
300 _a109
650 _aGAE
856 _uGAE ( 37 )
999 _c2473
_d2473